000 00702nam a2200241Ia 4500
003 OSt
005 20221006163911.0
006 a|||||r|||| 00| 0
007 ta
008 221006b |||||||| |||| 00| 0 hin d
024 _a7,329
037 _cDissertations
040 _aFML
_cFML
_bhin
041 _2hin
_ahin
100 _aTiwari Harish Kumar Au.
_9676159
110 _aDelhi University. Faculty of Music and Fine Arts. Department of Music
245 0 _aPoorvi Thaat Ke Raag
260 _c1999
300 _a95
_ccm.
700 _aDelhi University. Faculty of Music and Fine Arts. Department of Music
942 _cDIS
_2CC
999 _c1115678
_d1115678